[Event "Gleisdorfer Jugendschach"]
[Site "Gleisdorf"]
[Date "2009.09.19"]
[Round "5.4"]
[White "Fuchs, Andre"]
[Black "Kopfauf, David"]
[Result "0-1"]
[WhiteElo "1227"]
[BlackElo "1200"]
[PlyCount "21"]
[EventDate "2009.09.18"]
[EventType "swiss"]
[EventRounds "5"]
[EventCountry "AUT"]
[SourceTitle "EXT 2024"]
[Source "ChessBase"]
[SourceDate "2023.10.10"]
[SourceVersion "1"]
[SourceVersionDate "2023.10.10"]
[SourceQuality "1"]

1. e4 e5 2. Bc4 Nf6 3. Bb3 Nc6 4. Qe2 Qe7 5. Bc4 d6 6. Nc3 Bg4 7. Qf1 0-0-0 8. Nd5 Nxd5 9. Bxd5 Bd7 10. Qc4 Na5 11. Qd3 0-1

[Event "Gleisdorfer Jugendschach"]
[Site "Gleisdorf"]
[Date "2009.09.19"]
[Round "3.6"]
[White "Kopfauf, David"]
[Black "Thaler, Michael"]
[Result "1-0"]
[WhiteElo "1200"]
[BlackElo "2251"]
[PlyCount "77"]
[EventDate "2009.09.18"]
[EventType "swiss"]
[EventRounds "5"]
[EventCountry "AUT"]
[SourceTitle "EXT 2024"]
[Source "ChessBase"]
[SourceDate "2023.10.10"]
[SourceVersion "1"]
[SourceVersionDate "2023.10.10"]
[SourceQuality "1"]

1. e4 e5 2. Nf3 Bd6 3. Nc3 Nf6 4. Bc4 0-0 5. 0-0 h6 6. d3 Nc6 7. Nb5 Kh8 8. Nxd6 cxd6 9. Be3 Ng4 10. h3 Nf6 11. Nh4 d5 12. exd5 Nb4 13. Bc5 Na6 14. Bxf8 Qxf8 15. Nf5 g6 16. Nh4 g5 17. Nf5 d6 18. Bxa6 Bxf5 19. Bxb7 Rb8 20. Ba6 Rb6 21. Bc4 Bc8 22. Qf3 g4 23. Qxf6+ Kh7 24. h4 Rb8 25. b3 Bd7 26. Rad1 Qd8 27. Qxd8 Rxd8 28. d4 g3 29. fxg3 Bg4 30. Rd2 Bf5 31. dxe5 dxe5 32. Rxf5 Re8 33. Rxf7+ Kg8 34. d6 Rd8 35. Rd7+ Kf8 36. Rxd8+ Kg7 37. Rd7+ Kf8 38. Rf2+ Ke8 39. Bb5 1-0